000 00480nam a2200169 i 4500
001 91281
003 ES-MaACL
005 20230906180701.0
007 t|
008 050128s1970 sp ||||1| spa d
100 1 _aLeppich, Johann.
_971732
245 1 0 _aBreviario de un atec /
_cJohann Leppich ; traducción por Eloy Requena.
260 _aMadrid :
_bStudium,
_c[1970]
300 _a336 p. ;
_c18 cm.
700 1 _aRequena, Eloy.
_996289
852 _aES-MaACL
_jC-49141
_bR.73836
999 _c91281
_d91281